| 000 | 00589nam a2200229 a 4500 | ||
|---|---|---|---|
| 001 | BRCA_6255 | ||
| 005 | 20190320205403.0 | ||
| 008 | 210711s1943----nyua######---#000-0#eng-# | ||
| 041 | _aeng | ||
| 044 | _anyu | ||
| 050 | 4 |
_aE743.5 _b.C37 1943 |
|
| 100 | 1 |
_aCarlson, John Roy, _d1909- _915705 |
|
| 245 | 1 | 0 | _aUnder cover |
| 260 |
_aNueva York _bE. P. Dutton _c1943 |
||
| 300 |
_a544 p. _bil. _c21 cm. |
||
| 500 | _aIncluye índice alfabético | ||
| 500 | _aK118 | ||
| 650 | 1 | 4 |
_aFascismo _zEstados Unidos _915706 |
| 650 | 1 | 4 |
_aPropaganda alemana _915707 |
| 902 | _aGFM | ||
| 942 |
_2lcc _cB |
||
| 999 |
_c5942 _d5942 |
||